La historiografía 1903-1950: política, ideología e ingenuidad metodológica /

Sparad:
Bibliografiska uppgifter
Huvudupphovsman: Quirós Saavedra, José Ismael
Materialtyp: Text
Taggar: Lägg till en tagg
Inga taggar, Lägg till första taggen!

MARC

LEADER 00000 a a2200000 04500
001 45675
003
040 |a CRAI/IIS  |c CRAI/IIS 
100 |a Quirós Saavedra, José Ismael  
245 |a La historiografía 1903-1950:   |b política, ideología e ingenuidad metodológica /  |c José Ismael Quirós Saavedra  
773 |g número506 (2013), páginas 7-14  
999 |c 18365  |d 18365